Agricultural estates: management and research. [Address to Members of the Land Trusts Association, 3rd November 1983] (Record no. 86130)
[ view plain ]
| 000 -LEADER | |
|---|---|
| fixed length control field | 00522cam a2200193 4500 |
| 001 - CONTROL NUMBER | |
| control field | D7099 |
| 008 - FIXED-LENGTH DATA ELEMENTS--GENERAL INFORMATION | |
| fixed length control field | 090401t1983 xxu||||| |||| 00| 0 eng d |
| 035 ## - SYSTEM CONTROL NUMBER | |
| System control number | (Sirsi) u5161 |
| 041 ## - LANGUAGE CODE | |
| Language code of text/sound track or separate title | eng |
| 050 ## - LIBRARY OF CONGRESS CALL NUMBER | |
| Classification number | 333.335 |
| 100 ## - MAIN ENTRY--PERSONAL NAME | |
| Personal name | Miles, Charles William Noel |
| 245 ## - TITLE STATEMENT | |
| Title | Agricultural estates: management and research. [Address to Members of the Land Trusts Association, 3rd November 1983] |
| 260 ## - PUBLICATION, DISTRIBUTION, ETC. | |
| Date of publication, distribution, etc. | 1983 |
| 300 ## - PHYSICAL DESCRIPTION | |
| Extent | 10 leaves. 30cm |
| 350 ## - PRICE (NR) (BK AM CF MU VM SE) [OBSOLETE] | |
| Price | 0 |
| 520 ## - SUMMARY, ETC. | |
| Summary, etc. | Unpublished |
| 942 ## - ADDED ENTRY ELEMENTS (KOHA) | |
| Suppress in OPAC | 0 |
| 948 ## - LOCAL PROCESSING INFORMATION (OCLC); SERIES PART DESIGNATOR (RLIN) | |
| c (OCLC) | 04/03/1997 |
| Withdrawn status | Lost status | Source of classification or shelving scheme | Damaged status | Not for loan | Home library | Current library | Shelving location | Date acquired | Total Checkouts | Full call number | Barcode | Date last seen | Copy number | Price effective from | Koha item type |
|---|---|---|---|---|---|---|---|---|---|---|---|---|---|---|---|
| Dewey Decimal Classification | London | London | Pamphlets | 14/09/1999 | P333.335 | 30001793 | 06/08/2019 | 1 | 06/08/2019 | Book |